[Event "Tabor op"]
[Site "Tabor"]
[Date "2008.07.30"]
[Round "5"]
[White "Lenc, Bohumil"]
[Black "Misicko, Jan"]
[Result "0-1"]
[WhiteElo "1930"]
[BlackElo "2068"]
[PlyCount "66"]
[EventDate "2008.07.26"]
[EventType "swiss"]
[EventRounds "9"]
[EventCountry "CZE"]
[SourceTitle "CBM 125 Extra"]
[Source "ChessBase"]
[SourceDate "2008.09.01"]
[SourceVersion "1"]
[SourceVersionDate "2008.09.01"]
[SourceQuality "1"]

1. c4 Nf6 2. Nc3 c5 3. Nf3 d5 4. cxd5 Nxd5 5. g3 Nc6 6. Bg2 Nc7 7. d3 e5 8. 0-0 Be7 9. Nd2 Bd7 10. Nc4 f6 11. f4 b5 12. Ne3 exf4 13. gxf4 Rc8 14. Bd2 0-0 15. Rc1 Nd4 16. f5 g6 17. fxg6 hxg6 18. Ned5 Nxd5 19. Nxd5 Bd6 20. Bf4 Bg4 21. Rf2 Bxf4 22. Nxf4 Kg7 23. h3 Bd7 24. e3 Nf5 25. Qg4 Qe8 26. Qxg6+ Qxg6 27. Nxg6 Kxg6 28. Be4 Rfe8 29. Rcf1 Re5 30. Rf4 b4 31. b3 Rh8 32. d4 Rxe4 33. Rxe4 Ng3 0-1

[Event "Tabor op"]
[Site "Tabor"]
[Date "2007.08.02"]
[Round "6"]
[White "Cuhra, Martin"]
[Black "Lenc, Bohumil"]
[Result "1-0"]
[WhiteElo "2096"]
[BlackElo "1931"]
[PlyCount "49"]
[EventDate "2007.07.29"]
[EventType "swiss"]
[EventRounds "9"]
[EventCountry "CZE"]
[SourceTitle "EXT 2009"]
[Source "ChessBase"]
[SourceDate "2008.11.26"]
[SourceVersion "1"]
[SourceVersionDate "2008.11.26"]
[SourceQuality "1"]

1. d4 e6 2. c4 f5 3. Nc3 Nf6 4. Bg5 Bb4 5. e3 Bxc3+ 6. bxc3 b6 7. Bd3 Bb7 8. f3 0-0 9. Ne2 Qe8 10. Qc2 d6 11. 0-0 Nbd7 12. Bh4 Qh5 13. Bg3 g5 14. d5 exd5 15. Bxf5 Rae8 16. cxd5 Bxd5 17. e4 Bc4 18. Rfe1 Ne5 19. Nd4 a5 20. Qa4 Qf7 21. Qc2 Nh5 22. Qd2 Kh8 23. Qxg5 Nxg3 24. hxg3 Rg8 25. Qh4 1-0

[Event "Tabor op"]
[Site "Tabor"]
[Date "2005.08.??"]
[Round "?"]
[White "Trepka, Jan"]
[Black "Lenc, Bohumil"]
[Result "1-0"]
[WhiteElo "2022"]
[BlackElo "1804"]
[PlyCount "57"]
[EventDate "2005.07.30"]
[EventType "swiss"]
[EventRounds "9"]
[EventCountry "CZE"]
[SourceTitle "EXT 2006"]
[Source "ChessBase"]
[SourceDate "2005.11.24"]
[SourceVersion "1"]
[SourceVersionDate "2005.11.24"]
[SourceQuality "1"]

1. d4 e6 2. c4 f5 3. Nc3 Nf6 4. Nf3 Bb4 5. Bg5 0-0 6. Qc2 d6 7. e4 fxe4 8. Bxf6 Qxf6 9. Qxe4 e5 10. dxe5 dxe5 11. Bd3 Bf5 12. Qd5+ Kh8 13. Bxf5 Qxf5 14. 0-0 Nc6 15. Rae1 Rfe8 16. Re2 Bxc3 17. bxc3 Rad8 18. Qb5 Qd3 19. Re3 Qd6 20. Qxb7 Rb8 21. Qa6 Qc5 22. Rfe1 Rb2 23. Qa4 Rbb8 24. Qc2 Qxc4 25. Ng5 g6 26. Rh3 Re7 27. Qxg6 Qg8 28. Qf6+ Rg7 29. Rxh7+ 1-0